[Event "GER-chT Christmas U20"]
[Site "Playchess.com INT"]
[Date "2020.12.29"]
[Round "6.3"]
[White "Kroschel, Anton"]
[Black "Gillmeister, Gino"]
[Result "0-1"]
[WhiteElo "1754"]
[BlackElo "1587"]
[PlyCount "102"]
[EventDate "2020.12.29"]
[EventType "team-swiss (blitz)"]
[EventRounds "7"]
[EventCountry "GER"]
[SourceTitle "CBM 200 Extra"]
[Source "ChessBase"]
[SourceDate "2021.03.31"]
[SourceVersion "1"]
[SourceVersionDate "2021.03.31"]
[SourceQuality "1"]
[WhiteTeam "Luebeck"]
[BlackTeam "Lichtenberg Borussia"]
[WhiteTeamCountry "GER"]
[BlackTeamCountry "GER"]

1. Nf3 b6 2. g3 Bb7 3. Bg2 e6 4. d4 f5 5. 0-0 Nf6 6. c4 Be7 7. Nc3 0-0 8. b3 Ne4 9. Bb2 Bf6 10. Nxe4 Bxe4 11. Qd2 d6 12. Rac1 Nd7 13. Ba3 e5 14. dxe5 Nxe5 15. Nxe5 Bxg2 16. Kxg2 Bxe5 17. Bb2 Qe7 18. Qd5+ Kh8 19. Bxe5 Qxe5 20. e3 a5 21. Rfd1 Rae8 22. Kg1 h6 23. Rd4 Re7 24. Qf3 Rfe8 25. Rcd1 g6 26. h4 Kg7 27. Kg2 h5 28. R1d2 a4 29. bxa4 Qa5 30. Qf4 Qxa4 31. Qg5 Re4 32. Rxe4 Rxe4 33. Rd5 Qxc4 34. Rxf5 Qe6 35. Rd5 c6 36. Rd2 Qf6 37. Qxf6+ Kxf6 38. Rxd6+ Re6 39. Rxc6 Rxc6 40. Kf3 Rc2 41. a4 Ra2 42. e4 Rxa4 43. Kf4 Rc4 44. f3 Rc5 45. g4 hxg4 46. fxg4 b5 47. g5+ Ke6 48. Kg4 b4 49. h5 gxh5+ 50. Kxh5 Rxg5+ 51. Kh6 Rg2 0-1

[Event "GER-chT School WK 2"]
[Site "Playchess.com INT"]
[Date "2020.06.08"]
[Round "3.4"]
[White "Schneider, Daniel3333"]
[Black "Gillmeister, Gino"]
[Result "0-1"]
[WhiteElo "1906"]
[BlackElo "1620"]
[PlyCount "172"]
[EventDate "2020.06.08"]
[EventType "team-swiss (blitz)"]
[EventRounds "7"]
[EventCountry "GER"]
[SourceTitle "EXT 2021"]
[Source "ChessBase"]
[SourceDate "2020.10.23"]
[SourceVersion "1"]
[SourceVersionDate "2020.10.23"]
[SourceQuality "1"]
[WhiteTeam "Bad Krozingen Max Planck"]
[BlackTeam "Berlin Kollwith Gymn"]
[WhiteTeamCountry "GER"]
[BlackTeamCountry "GER"]

1. e4 b6 2. d4 Bb7 3. Nc3 e6 4. Nf3 Bb4 5. Bd3 Nf6 6. e5 Ne4 7. Bd2 Nxd2 8. Qxd2 h6 9. a3 Be7 10. Be4 Bxe4 11. Nxe4 d5 12. Ng3 0-0 13. 0-0 c5 14. c3 Nc6 15. b3 Qd7 16. Rfd1 Rfd8 17. a4 cxd4 18. cxd4 Bb4 19. Qd3 Na5 20. Ne2 Rac8 21. Rac1 Rxc1 22. Rxc1 Rc8 23. Rc2 Rc7 24. h3 Qc8 25. Rxc7 Qxc7 26. Qb5 Bf8 27. Qd3 Nc6 28. Qc2 Qd7 29. g3 Nb4 30. Qc3 Qb7 31. Kg2 Qa6 32. Nf4 Qb7 33. h4 Qc6 34. Ne2 Qxc3 35. Nxc3 a6 36. Kf1 Nd3 37. Na2 a5 38. Ke2 Nb4 39. Nc3 Be7 40. Nb5 Bd8 41. Kd2 Kf8 42. Ne1 f6 43. f4 h5 44. Nd3 Nc6 45. Ke3 Ke7 46. Nf2 Kd7 47. Kd3 Nb4+ 48. Kc3 Be7 49. Nd1 Nc6 50. Kd3 Bb4 51. Ne3 Be1 52. Nf1 Ne7 53. Ke2 Bb4 54. Kf3 Nf5 55. Ne3 Ne7 56. g4 hxg4+ 57. Kxg4 Bd2 58. Kf3 Bxe3 59. Kxe3 Nf5+ 60. Kd3 Nxh4 61. Ke3 Ng2+ 62. Kf3 Ne1+ 63. Ke3 Nc2+ 64. Kd3 Nb4+ 65. Ke3 Ke7 66. Nd6 Kd7 67. Nb5 Nc6 68. Nd6 Ne7 69. Kf3 fxe5 70. fxe5 Nc6 71. Kf4 Nxd4 72. Kg5 Nxb3 73. Kg6 d4 74. Kxg7 d3 75. Ne4 Nc5 76. Nd2 Nxa4 77. Kg6 Nc5 78. Kg5 a4 79. Kf4 a3 80. Nc4 a2 81. Ke3 a1Q 82. Nxb6+ Kc6 83. Kf4 Qc1+ 84. Kg4 d2 85. Kh5 d1Q+ 86. Kg6 Qf1 0-1

[Event "Pardubice Czech op-D 29th"]
[Site "Pardubice"]
[Date "2018.07.25"]
[Round "6"]
[White "Gillmeister, Gino"]
[Black "Starenkyi, Pavlo"]
[Result "1/2-1/2"]
[WhiteElo "1466"]
[BlackElo "1396"]
[PlyCount "101"]
[EventDate "2018.07.21"]
[EventType "swiss"]
[EventRounds "9"]
[EventCountry "CZE"]
[SourceTitle "CBM 186 Extra"]
[Source "ChessBase"]
[SourceDate "2018.08.24"]
[SourceVersion "1"]
[SourceVersionDate "2018.08.24"]
[SourceQuality "1"]

1. e4 d5 2. exd5 Qxd5 3. d4 Nc6 4. c3 Nf6 5. Nf3 Bg4 6. Be2 e6 7. Bf4 Bd6 8. Bxd6 cxd6 9. Nbd2 0-0 10. 0-0 Rfe8 11. Qc2 Bf5 12. Bd3 Bxd3 13. Qxd3 Qh5 14. Nc4 Rad8 15. Rfe1 e5 16. dxe5 dxe5 17. Qe3 Ng4 18. Qg5 Qxg5 19. Nxg5 b5 20. Ne3 Nxe3 21. Rxe3 Rd2 22. b3 Red8 23. Nf3 Rd1+ 24. Rxd1 Rxd1+ 25. Re1 Rd3 26. h3 f6 27. Re3 Rxe3 28. fxe3 Kf7 29. Kf2 Ke6 30. Ke2 Kd5 31. Nd2 f5 32. g3 g5 33. e4+ fxe4 34. Ke3 Ne7 35. Nxe4 Nf5+ 36. Kd3 h6 37. g4 Ne7 38. c4+ Kc6 39. Ng3 Kc5 40. Nf5 Ng6 41. cxb5 Kxb5 42. Ke4 Nf4 43. Nxh6 Nxh3 44. Kxe5 Kb4 45. Kf6 Ka3 46. Nf5 Kxa2 47. Nd4 a5 48. Nc6 Kxb3 49. Nxa5+ Kc3 50. Nb7 Kd4 51. Nd6 1/2-1/2